[Event "RUS-ch qual 57th"]
[Site "St Petersburg"]
[Date "2004.05.21"]
[Round "1"]
[White "Kurnosov, Igor"]
[Black "Volkov, Sergey"]
[Result "0-1"]
[WhiteElo "2543"]
[BlackElo "2629"]
[Annotator "Finkel,A"]
[PlyCount "86"]
[EventDate "2004.05.21"]
[EventType "swiss"]
[EventRounds "9"]
[EventCountry "RUS"]
[SourceTitle "CBM 102"]
[Source "ChessBase"]
[SourceDate "2004.09.23"]
[SourceVersion "1"]
[SourceVersionDate "2004.09.23"]
[SourceQuality "1"]

1. e4 e6 2. d4 d5 3. Nc3 Nf6 4. Bg5 Bb4 5. e5 h6 6. Be3 Ne4 7. Qg4 Kf8 (7... g6
8. a3 Bxc3+ 9. bxc3 Nxc3 10. Bd3 Nc6 11. h4 Ne7 12. h5 g5 13. f3 $6 Bd7 14. Nh3
Bc6 $132 {Kurnosov,I-Nepomniashchy,Y/St Petersburg 2004}) 8. a3 Bxc3+ 9. bxc3
Nxc3 (9... c5 10. Bd3 Nxc3 11. dxc5 Nc6 12. Nf3 f5 13. Qh5 $1 d4 14. Bd2 Qd5
15. Bxc3 dxc3 16. Rd1 $16 {Goloshchapov,A-Volkov,S, EU-ch, 2003}) 10. Bd3 Nc6
$146 {It's obvious that Volkov didn't come empty handed for this game! After
rather painfull loss to Goloshchapov about a year ago he comes up with the
novelty in this risky line.} (10... c5 11. dxc5 Qa5 (11... Nc6 12. Nf3 f5 13.
Qh5) 12. Bd2 Qa4 (12... Qxc5 $6 13. Ne2 d4 14. Qxd4 Qxd4 15. Nxd4 Nd5 16. c4
Nc7 17. Be4 $16 {Janos,I-Nikel,R/Bratislava 2002}) 13. Qb4 Qxb4 14. axb4 Ne4
15. Bxe4 dxe4 16. Ne2 Nd7 17. Bc3 $16 {Shamkovich,L-Hort,V/Marianske Lazne 1965
}) 11. Nh3 {In my opinion it's to early to define the position of the knight.
In some lines it might be pretty useless on h3.} (11. h4 $142) 11... f5 12. Qh5
$6 ({More in the spirit of the position was} 12. Qg3 Ne7 (12... g5 13. f4 g4
14. Nf2 h5 15. h3 Kf7 (15... h4 16. hxg4 hxg3 17. Rxh8+ Kg7 18. Rxd8 gxf2+ 19.
Kd2 Nxd8 20. Kxc3 fxg4 21. Bxf2 $16) 16. hxg4 hxg4 17. Rxh8 Qxh8 18. Kd2 Na4
19. Rh1 $36) 13. Nf4 Kf7 14. h4 Ne4 15. Bxe4 dxe4 16. h5 $44 {with fantastic
compensation for a pawn.}) 12... Qe8 13. Qh4 Qe7 14. Bg5 $6 {White insists on
keeping the queen on h4, eveh though it's quite obvioius that the queen
belongs to g3.} (14. Qg3 g5 15. f4 g4 16. Nf2 h5 17. Bd2 Ne4 (17... Na4 $2 18.
Bb5 Nb6 19. Bxc6 $18) 18. Bxe4 dxe4 19. Qe3 $44 {[%cal Gc2c4,Gd4d5]}) 14... Qf7
15. f3 Kg8 16. Bd2 Na4 $5 {Transferring the knight to c4.} 17. O-O (17. Rb1 Nb6
18. c3 Nc4 19. Bc1 b6 20. Nf4 a5 21. Qf2 Ba6 22. h4 a4 $13) 17... Nb2 18. Be2
Nc4 19. Bc3 Bd7 20. Kh1 g5 21. Qf2 b5 $15 {White didn't succeed to create
anything special on the kingside, meanwhile black is starting an actions on
the queenside where he's got an extra pawn.} 22. Rfb1 (22. Ng1 a6 23. f4 g4 24.
Bd3 Kg7 25. Ne2 Rhb8 $15) 22... Rb8 23. Bb4 $6 {Dubious manouvre.} a6 24. Bc5
Nb6 25. Bxb6 $6 (25. Bd3 Na4 26. Bb4 Kg7 27. Ng1 $15) 25... cxb6 26. a4 bxa4
27. Bxa6 Na5 28. Bb5 (28. f4 g4 29. Ng1 Kg7 30. Ne2 b5 31. Nc3 Qe8 32. Rb4 Nc4
$17) 28... Bxb5 29. Rxb5 Qe8 30. Qf1 Nc4 $17 31. Rb4 Ra8 32. Nf2 Rh7 {[%cal
Gh7a7]} 33. Nd3 Rc7 34. Ra2 a3 35. c3 f4 36. Qc1 (36. Nf2 Qg6 37. Ng4 Ne3 (
37... Kh8) 38. Nxe3 fxe3 39. Rb3 e2 $1 40. Qxe2 Rxc3 $19) 36... Rac8 37. h3 Qg6
38. Ne1 Qf5 39. Kh2 h5 40. Nc2 g4 41. Nxa3 g3+ 42. Kh1 Ra7 43. Rb3 Rca8 0-1

[Event "Alushta Autumn 1st"]
[Site "Alushta"]
[Date "2004.08.29"]
[Round "3"]
[White "Kalugin, Sergey V"]
[Black "Kobylkin, Evgeni"]
[Result "1/2-1/2"]
[WhiteElo "2440"]
[BlackElo "2444"]
[Annotator "Finkel,A"]
[PlyCount "110"]
[EventDate "2004.08.28"]
[EventType "tourn"]
[EventRounds "15"]
[EventCountry "UKR"]
[EventCategory "9"]
[SourceTitle "CBM 103"]
[Source "ChessBase"]
[SourceDate "2004.11.11"]
[SourceVersion "1"]
[SourceVersionDate "2004.11.11"]
[SourceQuality "1"]

1. e4 e6 2. d4 d5 3. Nc3 Nf6 4. Bg5 Bb4 5. e5 h6 6. Bd2 Bxc3 7. Bxc3 $5 {
Quite harmless continuation, which is very rarely played at the top level.} Ne4
8. Bb4 c5 9. Bxc5 Nxc5 10. dxc5 Qa5+ 11. c3 Qxc5 12. Nf3 {The other moves
don't promise much either, even though white may get a minimal advantage if
black isn't cautious enough.} (12. Bd3 Nc6 13. Nf3 Bd7 14. O-O g5 $6 15. Re1 g4
16. Nd2 Rg8 17. c4 $14 {Kaeser,U-Kiseleva,N/Germany 2004}) (12. Qg4 g6 (12...
O-O 13. Bd3 Bd7 14. Qd4 Qxd4 15. cxd4 Nc6 16. Nf3 Nb4 17. Kd2 Rfc8 18. a3 Nxd3
19. Kxd3 Bb5+ 20. Kd2 $14 {Gritsayeva,O-Kostiukova,L/Alushta 2004}) 13. Bd3 Nc6
14. Nf3 Bd7 15. O-O Ne7 16. Rac1 Nf5 17. Nd4 Nxd4 18. cxd4 Qb6 19. b3 Bb5 20.
Rfd1 Bxd3 21. Rxd3 Qa6 22. Rdc3 $14 {Semenova,L-Kostiukova,L/Alushta 2004})
12... Bd7 13. Be2 $5 {Intending to meet 13...Bb5 with 14.Qd4.} (13. Bd3 Bb5 14.
O-O Bxd3 15. Qxd3 O-O 16. Rae1 Nc6 17. b4 $6 Qb6 18. b5 Ne7 19. Nd4 Rac8 20.
Qh3 Rc4 $15 {Spielmann,R-Maier,G/Munich 1921}) 13... Bb5 14. Qd4 Qc6 (14...
Qxd4 $4 15. Bxb5+ $18) 15. Qg4 $5 {[%cal Gf3d4] Looking for the complications.}
Bxe2 16. Qxg7 Rf8 17. Nd4 (17. Kxe2 Qb5+ 18. Ke3 Qxb2 19. Rhc1 Nc6 20. Qxh6 Na5
21. Nd2 Rc8 $132) 17... Qb6 18. Nxe2 Qxb2 19. Rd1 Nc6 20. Qxh6 (20. f4 Qxa2 21.
Qxh6 Rg8 22. Qh3 a5 $15) 20... Nxe5 21. Qg5 f6 (21... Nc4 22. h4 Qc2 23. h5 Nb2
24. Ra1 Qh7 $15) 22. Qe3 Kf7 23. O-O Qxa2 24. Nd4 $44 {[%cal Gf2f4] White
managed to get serious pressure for the pawn. Black is on defensive for a
while.} Qa6 25. f4 Nc4 26. Qd3 $6 {Missing a chance to pose black serious
problems with 26.Qf3!} (26. Qf3 $1 $40 {[%csl Rd5][%cal Gf4f5,Gf1e1]}) 26...
Rh8 27. Rfe1 Rae8 28. Ra1 Qd6 (28... Qb6 29. Rab1 Qa6 (29... Qc7 $2 30. Nxe6
Rxe6 31. Qxd5 $18 {[%csl Rb7,Re6]}) 30. Ra1 $11) 29. Rxa7 Re7 30. Qg3 Nd2 $11
31. Qe3 (31. f5 $2 Qxg3 32. fxe6+ Rxe6 $19) 31... Nc4 32. Qf2 Qb6 33. Ra2 Nd6
34. Qe3 Qc5 35. Rc2 b5 36. Kh1 Ne4 37. Rb1 Ra7 (37... e5 $6 38. fxe5 Qc7 39.
Nf3 fxe5 40. Ng5+ Nxg5 41. Qxg5 $40) 38. h3 Rb7 39. Kh2 Rb6 40. Qd3 Qd6 41. Qe3
Qc5 42. Qd3 Qc7 43. Qe3 Qc4 44. Ra1 Qc7 45. Kg1 Rg8 46. f5 exf5 (46... e5 $2
47. Ne6 Qb8 48. Qh6 $18) 47. Nxf5 Rg5 48. Nd4 Qg3 49. Nf3 Kg6 50. Qxb6 Qxf3 51.
Qd4 $2 (51. Qb8 $1 Qd3 (51... Qe3+ 52. Kh1 Nf2+ 53. Kh2 $18) 52. Rac1 Kh7 53.
Qf4 $16) 51... Qxh3 52. Ra8 Qg3 53. Rg8+ Kh7 54. Rxg5 Qe1+ 55. Kh2 Qh4+ 1/2-1/2

[Event "FIDE-Wch k.o."]
[Site "Tripoli"]
[Date "2004.06.20"]
[Round "1.2"]
[White "Short, Nigel D"]
[Black "Kadhi, Hameed Mansour Ali"]
[Result "1-0"]
[WhiteElo "2712"]
[BlackElo "2379"]
[Annotator "Finkel,A"]
[PlyCount "73"]
[EventDate "2004.06.19"]
[EventType "k.o."]
[EventRounds "7"]
[EventCountry "LBY"]
[SourceTitle "CBM 102"]
[Source "ChessBase"]
[SourceDate "2004.09.23"]
[SourceVersion "1"]
[SourceVersionDate "2004.09.23"]
[SourceQuality "1"]

1. e4 e6 2. d4 d5 3. Nc3 Nf6 4. Bg5 Bb4 5. e5 h6 6. Bd2 Bxc3 7. bxc3 Ne4 8. Qg4
g6 (8... Kf8) 9. Bd3 Nxd2 10. Kxd2 c5 11. h4 Bd7 (11... Nc6 12. Qf4 Qa5 13. h5
gxh5 14. Nf3 b6 15. Rxh5 Ba6 16. Bxa6 Qxa6 17. Qf6 Rf8 $13 {Fercec,N-Glek,I/
Open 1998}) 12. Rb1 $5 {Very tricky move invitng black bishop to come to c6.} (
12. h5 g5 13. f4 Nc6 14. fxg5 Qa5 (14... Qxg5+ 15. Qxg5 hxg5 16. Ke3 g4 17. Rf1
Ke7 18. Rh4 Rag8 19. Rb1 (19. Be2 $5) 19... b6 20. Be2 cxd4+ 21. cxd4 f5 $1 $11
{Leko,P-Short,N/Batumi 1999}) 15. dxc5 (15. Nf3 O-O-O 16. g6 cxd4 17. Ke2 dxc3
(17... Qxc3 18. gxf7 Rdf8 19. Qf4 Nd8 20. Qxd4 Qxd4 21. Nxd4 $14 {Gaponenko,
I-Grabuzova,T/Timisoara-W 1994}) 18. Qf4 d4 19. g7 Rhe8 20. Kf2 Rg8 $13 {
Koch,J-Goldgewicht,L/Cannes 1995}) 15... d4 16. Nf3 O-O-O 17. Rab1 dxc3+ $1 $13
{Leko,P-Radjabov,T Linares,2003}) 12... Bc6 $2 {Playing directly into white's
hands. The bishop has nothing to do on c6, but more important the knight on d7
is too passive. To summerize the abovemenioned - after 12...Bc6 black is in
troubles!} (12... Qa5 $142) 13. h5 (13. Rh3 Qe7 14. h5 g5 15. f4 gxf4 16. Qxf4
Nd7 17. Rg3 $14 {Vega Viejo,M-Barredo,L/Gijon 1999}) (13. Bxg6 $6 fxg6 14.
Qxe6+ Qe7 15. Qc8+ Qd8 16. Qe6+ Qe7 17. Qc8+ Qd8 18. Qe6+ {1/2-1/2 Velicka,
P-Mirumian,V/Czechia 2000/EXT 2001 (18)}) 13... g5 14. f4 Nd7 (14... Qa5 15.
fxg5 cxd4 16. g6 dxc3+ 17. Ke2 d4 18. gxf7+ Kf8 19. Qxe6 $16) 15. Nf3 cxd4 ({
The alternative was} 15... Qa5 {but it's hardly any better for black.} 16. fxg5
cxd4 17. Qxd4 Rg8 18. gxh6 Rxg2+ 19. Ke3 O-O-O 20. Rbg1 $18 {[%cal Gh6h7]}) 16.
cxd4 gxf4 17. Qxf4 $16 Qe7 18. Ke2 O-O-O 19. Qh4 Qf8 (19... Qxh4 20. Rxh4 Rdg8
21. Kf2 Kd8 22. Rf4 Ke7 23. g4 Rg7 24. Rg1 $16) 20. g4 Rg8 21. g5 hxg5 22. Nxg5
Nxe5 23. dxe5 Qg7 24. Rhg1 Qxe5+ 25. Kd2 d4 26. Rbe1 Qa5+ 27. Ke2 $18 Rd5 (
27... f6 28. Nf7 Rxg1 29. Rxg1 Rf8 30. h6 $18) 28. Nxf7 Re8 29. h6 e5 30. Rg4
Rd7 31. Ng5 e4 32. Nxe4 Bb5 33. Kf1 Bxd3+ 34. cxd3 Kb8 35. Kg1 Rh7 36. Rf1 Reh8
37. Qg3+ 1-0

[Event "EU-chT (Men) 14th"]
[Site "Plovdiv"]
[Date "2003.10.14"]
[Round "4.2"]
[White "Hector, Jonny"]
[Black "Gunnarsson, Jon Viktor"]
[Result "1-0"]
[WhiteElo "2515"]
[BlackElo "2419"]
[Annotator "Finkel,A"]
[PlyCount "87"]
[EventDate "2003.10.10"]
[EventType "team-swiss"]
[EventRounds "9"]
[EventCountry "BUL"]
[SourceTitle "CBM 098"]
[Source "ChessBase"]
[SourceDate "2004.02.03"]
[SourceVersion "1"]
[SourceVersionDate "2004.02.03"]
[SourceQuality "1"]
[WhiteTeam "Sweden"]
[BlackTeam "Iceland"]
[WhiteTeamCountry "SWE"]
[BlackTeamCountry "ISL"]

1. e4 {Atlas,V} e6 2. d4 d5 3. Nc3 Nf6 4. Bg5 Bb4 5. e5 h6 6. Bc1 {This move
leads to very interesting struggle in which white has good chances to get an
opening advantage.} Ne4 7. Qg4 g6 8. Nge2 c5 9. a3 Ba5 10. b4 Nxc3 11. Nxc3
cxd4 (11... cxb4 12. Nb5 b3+ 13. Bd2 Bxd2+ 14. Kxd2 Qa5+ 15. c3 $16 {Foerster,
R-Eggenberger,U/Bad Ragaz 1992}) 12. Nb5 Bc7 13. f4 Nc6 (13... Bd7 $5 14. Nxd4
Nc6 15. c3 $2 Nxd4 16. cxd4 a5 $36 {Cantore,A-Guidi,G/ITA-ch corr 1991}) (13...
a6 14. Nxd4 Bb6 15. Bb2 Nc6 16. O-O-O Nxd4 17. Bxd4 Bd7 18. Bb2 a5 $15 {
Grafl,F-Joachim,S/Germany 2000}) 14. Bd3 a6 15. Nxc7+ Qxc7 16. O-O Bd7 17. Qh4
$1 {Strong move promising white good compensation for the minimal material
deficit.} (17. Bd2 Ne7 18. Qe2 (18. a4 Rc8 19. Qe2 Qb6 20. Kh1 h5 21. b5 a5 22.
Qe1 Ra8 23. Qf2 $14 {Pujos,S-Goldgewicht,L/France 2001}) 18... Qb6 19. a4 {
1/2-1/2 Forster,R-Quinn,M/Bratislava 1993}) (17. Bxg6 $2 Rg8 $1) 17... Qd8 18.
Qf2 $1 O-O $1 {Strangely enough the black king is much safer on the kingside!}
(18... Qb6 19. Bb2 O-O-O 20. Rab1 (20. c3 $1 {[%cal Gf2b6]} Kb8 21. a4 $1 (21.
cxd4 Na7 22. Rfc1 Rc8 23. Rc5 Bb5 24. Bc2 $14) 21... Qc7 22. b5 dxc3 23. Bxc3
Na5 24. Bd4 $16 {[%cal Gd4b6,Gf1c1]}) 20... Rdf8 21. Ba1 f6 22. exf6 Rxf6 23.
b5 axb5 $13 {Borriss,M-Huebner,R/Germany 2000}) 19. Bd2 (19. Bb2 $6 f6 20. Qg3
(20. Bxd4 fxe5 21. Bxe5 Nxe5 22. Qg3 $1 Nxd3 23. Qxg6+ Kh8 $11) 20... g5 21.
exf6 Qxf6 22. Bc1 Qg7 $132) 19... Kh7 20. a4 Qe7 21. Rab1 {[%csl Gb4][%cal
Gb4b5]} ({Nothing promised} 21. b5 Nb4 22. Qxd4 Nxd3 23. cxd3 Rfc8 24. Bb4 Qh4
25. b6 Rc2 $132) 21... b5 22. a5 $1 (22. axb5 axb5 23. Bxb5 Nxe5 24. Be2 Nc4
25. Bxc4 dxc4 26. Qxd4 Ba4 $13 27. Bc3 $140 Qa7 $11) 22... f6 23. exf6 Qxf6 24.
Qg3 Ne7 25. Qh3 Nf5 26. Rbe1 Nd6 (26... Rac8 27. Re5 Nd6 28. Rfe1 $44) 27. Re5
Qg7 (27... Nc4 $5 {(Atlas,V) was to be preferred: war vorzuziehen:} 28. Rg5 (
28. Rh5 {is strongly met by bringt nichts wegen} Kg7 29. Rxh6 Rh8) 28... Nxd2
29. Rxg6 Qxg6 30. Bxg6+ Kxg6 {, with good play mit gutem Spiel.}) 28. Rfe1 Rac8
(28... Rf5 $5 {(Atlas,V) deserved attention here. verdiente hier
Aufmerksamkeit.}) 29. Bc1 Nc4 (29... Kg8) 30. Rh5 $2 Ne3 $2 (30... Kg8 $1 31.
Rxh6 e5 32. Qh4 e4 33. Qg5 Be8 34. Bxc4 Rxc4 35. Qxd5+ Bf7 36. Qg5 Rxc2 $17)
31. Bxe3 dxe3 32. Qxe3 $16 Kg8 (32... Rf7 33. Re5 Rcf8 34. Rf1 Bc8 35. g3 $16)
33. Re5 Rc6 34. Qd4 {Atlas,V: 'White has a durable advantage and launches a
dangerous attack on the kingside.' Atlas,V: 'Weiß hat dauerhaften Vorteil und
leitet eine gefährliche Attacke am Königsflügel ein.'} Qf6 $6 35. Rf1 Be8 36.
Rf3 Bf7 37. Rh3 Kg7 $6 {[%cal Gd4g7]} (37... Qg7) 38. g4 $18 {'!' Atlas,V.
Atlas,V: 'Threatening 39.Rh6.' Atlas,V: 'Droht 39.Rh6.'} ({Black was intending
to meet Auf} 38. Rxh6 {(Atlas,V) plante Schwarz} Be8 (38... Kxh6 39. Rh5+ Kg7
40. Rh7+ Kxh7 41. Qxf6)) 38... Kg8 39. Rxh6 Be8 40. Rh3 Qxf4 {'?' Atlas,V.} ({
This imprudent move loses immediately. More stubborn was Dieser unvorsichtige
Zug verliert auf der Stelle. Hartnäckiger war} 40... Qg7 {(Atlas,V) , although
White had a winning position anyway. , obwohl Weiß auch dann Gewinnstellung
hätte.}) 41. Rh8+ $1 {Atlas,V: 'This impressive rook sacrifice crowns White's
attack.' Atlas,V: 'Dieses sehenswerte Opfer krönt den weißen Angriff.'} Kxh8 ({
If Falls} 41... Kg7 {(Atlas,V) , so} 42. Qxf4 Rxf4 43. Rxe8 {, winning und
gewinnt.}) {Atlas,V: , forcing mate in two: Atlas,V: Erzwingt ein Matt in zwei
Zügen:} 42. Rh5+ Kg8 {Atlas,V} 43. Qh8+ Kf7 44. Rh7# 1-0

[Event "EU-Cup 19th"]
[Site "Rethymno"]
[Date "2003.09.28"]
[Round "1.2"]
[White "Shirov, Alexei"]
[Black "Brynell, Stellan"]
[Result "1/2-1/2"]
[WhiteElo "2732"]
[BlackElo "2511"]
[Annotator "Finkel,A"]
[PlyCount "103"]
[EventDate "2003.09.28"]
[EventType "team-swiss"]
[EventRounds "7"]
[EventCountry "GRE"]
[SourceTitle "CBM 098"]
[Source "ChessBase"]
[SourceDate "2004.02.03"]
[SourceVersion "1"]
[SourceVersionDate "2004.02.03"]
[SourceQuality "1"]
[WhiteTeam "Sarajevo Bosna"]
[BlackTeam "Malmo Linhams"]
[WhiteTeamCountry "BIH"]
[BlackTeamCountry "SWE"]

1. e4 e6 2. d4 d5 3. Nc3 Nf6 4. Bg5 Bb4 5. e5 h6 6. Be3 {Quite rare
continuation,nevertheless leading to extremly complicated struggle.} Ne4 7. Qg4
g6 8. a3 Bxc3+ 9. bxc3 Nxc3 (9... c5 10. Bd3 Nxc3 11. dxc5 Qa5 (11... Nc6 12.
Nf3 Qa5 13. O-O Qa4 14. Qxa4 Nxa4 15. Bb5 Nc3 $132 {Hracek,Z-Vaisser,A/EU-chTM
1997}) 12. Qb4 Qxb4 13. axb4 Nc6 14. Bd2 d4 15. Bxc3 dxc3 16. Bb5 Bd7 $13 {
Klovans,J-Jahrsdoerfer,G/Wuerzburg op 1995}) 10. Bd3 Nc6 (10... Bd7 11. h4 c5
12. dxc5 Nc6 13. Nf3 Ne7 14. h5 g5 15. Nd4 $36 {Klovans,J-Grabuzova,T/Cappelle
op 1995}) 11. h4 (11. Nf3 Ne7 12. Bd2 Na4 13. Qf4 Nf5 14. h4 c5 15. dxc5 Nxc5
16. g4 Nxd3+ 17. cxd3 Ne7 18. Qf6 $36 {Herbrechtsmeier,C-Koen,M/Biel op 1993})
11... Qe7 (11... Ne7 12. f3 c5 13. dxc5 Nc6 14. Bd2 d4 15. Bxc3 dxc3 16. Qc4
Nxe5 17. Qxc3 Qf6 18. Ne2 $13 {Hernandez,G-Glek,I/Linares op 1996}) 12. Nh3 (
12. h5 $5 g5 13. f4 (13. Nh3 Bd7 14. f4 gxf4 15. Bf2 Qf8 16. Bh4 (16. Qxf4
O-O-O 17. Bh4 Re8 18. O-O Rg8 (18... Ne4 19. Bxe4 dxe4 20. Qxf7 Nxd4 21. Qxd7+
Kxd7 22. Rxf8 Rhxf8 23. Rd1 c5 24. c3 $16 {Fressinet,L-Vysochin,S/Brussels 2000
}) 19. Nf2 Qg7 20. g3 Ne7 21. Kh2 Nf5 22. Rg1 Ne4 $132 {Bruzon Bautista,
L-Brynell,S/Istanbul 2000}) 16... Nxd4 17. Nxf4 Rg8 18. Nxd5 $2 Nxc2+ 19. Bxc2
Nxd5 20. Qf3 Qc5 21. Be4 Qa5+ $19 {Hartman,C-Brynell,S/Stockholm 1994}) 13...
gxf4 14. Qxf4 Bd7 15. Nf3 (15. Bf2 Qf8 16. Bh4 Ne7 17. Bf6 Rg8 18. Bh7 Rxg2 19.
Qf3 Rg7 20. Bxg7 Qxg7 21. Bd3 $14 {Svensson,B-Brynell,S/Gothenburg 1994}) (15.
Nh3 O-O-O 16. Bf2 Qf8 17. Bh4 Ne7 (17... Re8 18. Bf6 Rg8 19. O-O Ne7 20. Qe3
Ne4 21. Bxe4 dxe4 22. Bxe7 Qxe7 23. Rf6 $14 {Thinius,M-Bromann,T/Gausdal 2003})
18. O-O Be8 19. Nf2 Rd7 20. Ng4 Nf5 21. Nf6 Rd8 $13 {Ernst,T-Brynell,S/Sweden
2002}) 15... O-O-O 16. Bf2 Qf8 17. Bh4 Re8 18. O-O Rg8 19. Bf6 Ne7 20. Kh2 Ne4
21. Bxe4 dxe4 22. Bxe7 Qg7 $17 {Klovans,J-Makarichev,S/Daugavpils 1978}) 12...
Bd7 13. h5 gxh5 $5 {I doubt that this move is sufficient to reach an equality,
but it definitly proved to be sufficient to hold Shirov to a draw!} (13... g5
14. f4 gxf4 15. Bf2 Qf8 16. Qxf4 $5 O-O-O 17. Bh4 Re8 18. O-O Ne4 (18... f5 $6
19. exf6 e5 20. dxe5 Rxe5 21. Rae1 Rxe1 22. Rxe1 Bxh3 23. gxh3 Qc5+ 24. Kh1 $16
{[%cal Gf6f8]}) 19. Nf2 $6 $13 {Iordachesku-Vysochin, 2000}) 14. Qf3 {[%cal
Gh3f4,Gf4h5,Gh5f6]} (14. Qxh5 O-O-O 15. Nf4 Rdg8 $132) 14... Qh4 15. Qf4 Qxf4
16. Nxf4 O-O-O 17. Rxh5 Ne7 18. f3 $1 {[%csl Ge4] The endgame is definitly
better for white, even though he is a pawn down at the moment.} (18. Kd2 Ne4+
19. Bxe4 dxe4 20. Rah1 c5 21. c3 Bb5 22. Rxh6 Rxh6 23. Rxh6 Nc6 $13) 18... a6 (
18... Bb5 19. Bxb5 Nxb5 20. a4 Nf5 21. Rxf5 exf5 22. axb5 $18) 19. Kd2 Na4 20.
Rah1 (20. c3 Bb5 21. Bc2 Nb6 $13) 20... Bb5 21. Rxh6 $6 {In my opinion more
accurate was} (21. g4 $5 Bxd3 22. Nxd3 Nb6 23. Bg5 Nc4+ 24. Kc3 Rde8 25. a4 $16
{with significant pressure.}) 21... Rxh6 22. Rxh6 Bxd3 23. cxd3 c5 24. dxc5 $6
{After this one black seems to hold the endgame without too many problems.} (
24. Rh7 Nc6 25. Rxf7 cxd4 26. Bf2 Nc5 27. Rf6 Kd7 28. Ng6 $14) 24... d4 25. Bf2
Nc6 26. Bh4 (26. Ne2 Nxc5 27. f4 b5 $132) 26... Rf8 27. Ne2 Nxc5 28. f4 Rg8 29.
g3 Kd7 $1 30. Rh7 Ke8 31. Ng1 b5 32. Nf3 a5 33. Ng5 Rf8 34. Rh6 Kd7 (34... b4
$2 35. axb4 Nxb4 36. Nh7 $18) 35. Nh7 Rb8 36. Nf6+ Kc7 37. Rh7 Rf8 38. Bg5 (38.
Rg7 b4 39. axb4 axb4 40. Nh7 Rb8 41. Rxf7+ Kb6 $13 {[%csl Rh4,Rh7]}) 38... b4
39. Bh6 Ra8 $1 40. Rxf7+ Kb6 41. axb4 axb4 42. Nd7+ Nxd7 43. Rxd7 Ra2+ 44. Kc1
Rg2 45. f5 Nxe5 $11 (45... exf5 46. e6 (46. Bf4 b3 47. Kb1 Ka5 $15) 46... Re2
47. Bg7 Rxe6 48. Bxd4+ Kb5 $11) 46. Rxd4 Nc6 47. Rc4 exf5 48. Be3+ Kc7 49. Bf4+
Kd7 50. Rc5 b3 51. Rb5 b2+ 52. Rxb2 1/2-1/2

[Event "RUS-chT 11th"]
[Site "Sochi"]
[Date "2004.04.23"]
[Round "4.5"]
[White "Smirnov, Pavel"]
[Black "Alavkin, Arseny Nailievich"]
[Result "1-0"]
[WhiteElo "2601"]
[BlackElo "2488"]
[Annotator "Finkel,A"]
[PlyCount "73"]
[EventDate "2004.04.20"]
[EventType "team-tourn"]
[EventRounds "9"]
[EventCountry "RUS"]
[SourceTitle "EXT 2020"]
[Source "ChessBase"]
[SourceDate "2019.10.17"]
[SourceVersion "1"]
[SourceVersionDate "2019.10.17"]
[SourceQuality "1"]
[WhiteTeam "Tomsk 400"]
[BlackTeam "Togliatti Lada"]
[WhiteTeamCountry "RUS"]
[BlackTeamCountry "RUS"]

1. e4 e6 2. d4 d5 3. Nc3 Nf6 4. Bg5 Bb4 5. e5 h6 6. Be3 {Quite rare
continuation,nevertheless leading to extremly complicated struggle.} Ne4 7. Qg4
g6 8. a3 Bxc3+ 9. bxc3 Nxc3 (9... c5 10. Bd3 Nxc3 11. dxc5 Qa5 (11... Nc6 12.
Nf3 Qa5 13. O-O Qa4 14. Qxa4 Nxa4 15. Bb5 Nc3 $132 {Hracek,Z-Vaisser,A/EU-chTM
1997}) 12. Qb4 Qxb4 13. axb4 Nc6 14. Bd2 d4 15. Bxc3 dxc3 16. Bb5 Bd7 $13 {
Klovans,J-Jahrsdoerfer,G/Wuerzburg op 1995}) 10. Bd3 Nc6 (10... Bd7 11. h4 c5
12. dxc5 Nc6 13. Nf3 Ne7 14. h5 g5 15. Nd4 $36 {Klovans,J-Grabuzova,T/Cappelle
op 1995}) 11. h4 (11. Nf3 Ne7 12. Bd2 Na4 13. Qf4 Nf5 14. h4 c5 15. dxc5 Nxc5
16. g4 Nxd3+ 17. cxd3 Ne7 18. Qf6 $36 {Herbrechtsmeier,C-Koen,M/Biel op 1993})
11... Ne7 (11... Qe7 12. Nh3 Bd7 13. h5 gxh5 $5 14. Qf3 {[%cal Gh3f4,Gf4h5,
Gh5f6]} Qh4 15. Qf4 Qxf4 16. Nxf4 O-O-O 17. Rxh5 Ne7 18. f3 $1 $14 {[%csl Ge4]
Shirov,A-Brynell,S/Rethymnon 2003}) 12. h5 (12. f3 c5 13. dxc5 Nc6 14. Bd2 d4
15. Bxc3 dxc3 16. Qc4 Nxe5 17. Qxc3 Qf6 18. Ne2 $13 {Hernandez,G-Glek,I/
Linares op 1996}) 12... g5 13. f3 Bd7 $146 {This move appears to be a novelty,
but I doubt whether it's any better than 13...c5 which was previously tried in
this position.} (13... c5 14. dxc5 Nc6 15. f4 f5 16. exf6 e5 17. Bg6+ Kf8 18.
Qf3 d4 19. Bd2 $36 {Zawadzki,S-Vysochin,S/Polanica Zdroj 2001}) 14. Bd2 Na4 15.
f4 c5 $5 ({An attempt to get rid of white's lightsquared bishop is also
insufficient to reach an equality.} 15... Nb2 16. fxg5 Nxd3+ 17. cxd3 Bb5 18.
g6 fxg6 19. hxg6 Nf5 20. Qf4 {[%cal Gg2g4]} Qd7 21. g4 Ng7 22. Rh3 $14) 16.
fxg5 c4 17. Be2 Qb6 18. Nf3 O-O-O (18... Qb2 $5 19. Rc1 (19. O-O $6 Nc3 20.
Rae1 (20. Bxc3 Qxc3 21. gxh6 Nf5 $17) 20... Qxc2 21. gxh6 Nf5 $17) 19... Nc3
20. gxh6 O-O-O 21. Ng5 $14) 19. O-O Nf5 $6 (19... Qb2 $142) 20. Rab1 $14 Qc7
21. c3 $1 {[%csl Ra4,Rc7,Rd7]} Rdg8 22. Qh3 {[%cal Gg2g4]} Qd8 23. g4 hxg5 24.
Nh2 Ne7 $5 {Black prefers to give up a couple of pawns in order to get some
counterplay.} (24... Nh6 25. Kh1 (25. Rf6 Qf8 26. Rbf1 Qxa3 $132) 25... Qe7 26.
Bc1 Bc6 {'with defendable position.}) 25. Rxf7 $6 (25. Qf3 $5) 25... Ng6 26.
Kh1 Nf4 $1 27. Bxf4 gxf4 28. Rxf4 Qe7 $44 29. Ra1 Qg5 30. Raf1 Qe7 31. R1f3 (
31. Qe3 Qxa3 32. R1f3 Qa1+ 33. Bf1 b5 34. Rf7 a5 $132) 31... Qxa3 32. h6 Qb2 (
32... Qc1+ $1 {[%csl Rf4]} 33. Bf1 Nxc3 34. h7 Re8 35. g5 Ne2 36. Rg4 Nxd4 37.
Rxd4 Qxg5 38. Ng4 Re7 39. Nf6 Qxe5 40. Rg4 Kc7 $132) 33. Bf1 Qc2 34. g5 $16 Kc7
35. Rf7 Rg6 36. h7 Qe4 37. R7f4 1-0